[Event "Tabor op"]
[Site "Tabor"]
[Date "2007.08.04"]
[Round "8"]
[White "Lenc, Bohumil"]
[Black "Riha, Jan"]
[Result "1-0"]
[WhiteElo "1931"]
[BlackElo "1425"]
[PlyCount "101"]
[EventDate "2007.07.29"]
[EventType "swiss"]
[EventRounds "9"]
[EventCountry "CZE"]
[SourceTitle "EXT 2009"]
[Source "ChessBase"]
[SourceDate "2008.11.26"]
[SourceVersion "1"]
[SourceVersionDate "2008.11.26"]
[SourceQuality "1"]

1. c4 e5 2. Nc3 Nc6 3. Nf3 Nf6 4. e4 Bc5 5. Nxe5 Bxf2+ 6. Kxf2 Nxe5 7. d4 Ng6 8. Be2 d6 9. Rf1 0-0 10. Kg1 h6 11. Be3 Qe7 12. Bf3 Bd7 13. g3 Bc6 14. d5 Bd7 15. Bd4 Rfe8 16. Bg2 Ng4 17. Rc1 Rad8 18. b3 Qg5 19. Qf3 N6e5 20. Bxe5 Nxe5 21. Qf4 Qh5 22. Rcd1 Bh3 23. Bxh3 Qxh3 24. Rd2 Re7 25. Qf5 Qxf5 26. exf5 Ng4 27. h3 Nf6 28. Re2 Rde8 29. Rfe1 Rxe2 30. Rxe2 Rxe2 31. Nxe2 Ne4 32. Kg2 Kf8 33. Kf3 Ng5+ 34. Kg4 Ke7 35. h4 Ne4 36. Kf4 Nc5 37. Nd4 a6 38. g4 Nd3+ 39. Kf3 Ne5+ 40. Kf4 Nd3+ 41. Ke3 Ne5 42. g5 h5 43. Ke4 g6 44. c5 Kd7 45. b4 Kc8 46. f6 Kd7 47. b5 axb5 48. Nxb5 Kc8 49. cxd6 cxd6 50. Nxd6+ Kc7 51. Kxe5 1-0

[Event "Tabor op"]
[Site "Tabor"]
[Date "2007.08.01"]
[Round "5"]
[White "Riha, Jan"]
[Black "Durchan, Milan"]
[Result "1-0"]
[WhiteElo "1425"]
[BlackElo "1731"]
[PlyCount "61"]
[EventDate "2007.07.29"]
[EventType "swiss"]
[EventRounds "9"]
[EventCountry "CZE"]
[SourceTitle "EXT 2009"]
[Source "ChessBase"]
[SourceDate "2008.11.26"]
[SourceVersion "1"]
[SourceVersionDate "2008.11.26"]
[SourceQuality "1"]

1. e4 c6 2. d4 d5 3. Nc3 dxe4 4. Nxe4 Nf6 5. Ng3 Nbd7 6. Nf3 Nb6 7. Be2 Bg4 8. 0-0 e6 9. Bg5 Be7 10. c3 Qc7 11. Ne5 Bxe2 12. Qxe2 0-0 13. f4 h6 14. Bxf6 Bxf6 15. Qg4 Nd5 16. Rae1 Be7 17. Nh5 g5 18. fxg5 Bxg5 19. h4 f5 20. Qg3 f4 21. Qg4 Ne3 22. Qxe6+ Kh7 23. Qg6+ Kh8 24. Rxe3 fxe3 25. Rxf8+ Rxf8 26. hxg5 Qh7 27. gxh6 Rf2 28. Qg5 Qg8 29. Ng6+ Kh7 30. Nf6+ Rxf6 31. Qxf6 1-0

[Event "CZE-chT B2 corr"]
[Site "Czechia"]
[Date "2003.??.??"]
[Round "?"]
[White "Blatsky, Libor"]
[Black "Riha, Jan"]
[Result "1-0"]
[WhiteElo "2350"]
[BlackElo "2315"]
[PlyCount "87"]
[EventDate "2002.??.??"]
[EventType "team (corr)"]
[EventRounds "14"]
[EventCountry "CZE"]
[SourceTitle "Corr 2004"]
[Source "ChessBase"]
[SourceDate "2003.04.28"]
[SourceVersion "3"]
[SourceVersionDate "2003.04.28"]
[SourceQuality "1"]

1. e4 e5 2. Nf3 Nf6 3. Nxe5 d6 4. Nf3 Nxe4 5. d4 d5 6. Bd3 Be7 7. 0-0 Nc6 8. c4 Nf6 9. Nc3 0-0 10. h3 Nb4 11. Be2 dxc4 12. Bxc4 Bf5 13. a3 Nbd5 14. Re1 c6 15. Bg5 h6 16. Bh4 Nf4 17. Ne5 Be6 18. Bxe6 Nxe6 19. Ng6 fxg6 20. Rxe6 Qd7 21. Qb3 Kh7 22. Rae1 Rae8 23. Bg3 Bd8 24. Rxe8 Rxe8 25. Rxe8 Nxe8 26. d5 cxd5 27. Qxd5 Qxd5 28. Nxd5 g5 29. Kf1 Kg6 30. Ke2 Kf5 31. Kd3 Nf6 32. Ne3+ Ke6 33. Bb8 Bb6 34. f3 Bxe3 35. Kxe3 Nd5+ 36. Kd4 Nf4 37. Bxf4 gxf4 38. Ke4 g5 39. a4 Kf6 40. h4 a5 41. hxg5+ hxg5 42. Kd5 Kg6 43. Ke5 Kh5 44. Kf5 1-0

[Event "CZE-chT B2 corr"]
[Site "Czech Republic"]
[Date "2000.??.??"]
[Round "?"]
[White "Bazant, Petr"]
[Black "Riha, Jan"]
[Result "1/2-1/2"]
[WhiteElo "2385"]
[BlackElo "2305"]
[PlyCount "93"]
[EventDate "2000.??.??"]
[EventType "team (corr)"]
[EventRounds "14"]
[EventCountry "CZE"]
[SourceTitle "Corr 2002"]
[Source "ChessBase"]
[SourceDate "2002.05.23"]
[SourceVersion "1"]
[SourceVersionDate "2002.05.23"]
[SourceQuality "1"]

1. d4 Nf6 2. c4 e6 3. Nc3 Bb4 4. Qc2 0-0 5. a3 Bxc3+ 6. Qxc3 b6 7. Bg5 Bb7 8. Nf3 d6 9. Nd2 Nbd7 10. f3 h6 11. Bh4 c5 12. e4 Rc8 13. Bd3 d5 14. exd5 exd5 15. 0-0 cxd4 16. Qxd4 Nc5 17. Bxf6 Qxf6 18. Qxf6 gxf6 19. Bf5 Rcd8 20. Rfe1 Ba6 21. Rac1 dxc4 22. Nxc4 Nb3 23. Rc3 Nd4 24. Bb1 Rfe8 25. Kf2 Rxe1 26. Kxe1 Re8+ 27. Kd1 Bb5 28. Ba2 Re2 29. Rd3 Ba4+ 30. b3 Rxa2 31. bxa4 Ne6 32. Rd2 Ra1+ 33. Kc2 Nc5 34. a5 b5 35. Kb2 Re1 36. Nd6 a6 37. Rc2 Na4+ 38. Ka2 Rd1 39. Nf5 Kh7 40. g4 Rd3 41. Rc6 Rxf3 42. Rxf6 Rf2+ 43. Kb1 Rb2+ 44. Kc1 Rxh2 45. Rxa6 Nc5 46. Ra7 Kg6 47. a6 1/2-1/2